| 000 | 004480000a22001570004500 | ||
|---|---|---|---|
| 020 | _a8122000037 | ||
| 060 | _a100 | ||
| 082 | _a338.5 JHI | ||
| 100 | _aJhingan, M L | ||
| 245 | _aMicro Economic Theory | ||
| 260 | _aNew Delhi, Konark Publishers Pvt Ltd | ||
| 260 | _c1986 | ||
| 300 | _a784 | ||
| 650 | _aMicro Economics/ Consumption THeory Production Theory/ Taxation/ International Trade/ National INcome / Product- pricing/ | ||
| 942 | _cBK | ||
| 999 |
_c365451 _d365451 |
||